[Event "4NCL Online Division 3"]
[Site "online"]
[Date "2021.11.02"]
[EventDate "2021.11.02"]
[Round "6.54"]
[White "Moore, Steve N"]
[WhiteElo "1876"]
[WhiteTeam "Broadland Falco Duboisi"]
[Black "Clynes, Chris"]
[BlackElo "1444"]
[BlackTeam "Bishop Trojans"]
[Result "1-0"]
[PlyCount "63"]

1. e4 e6 2. d4 d5 3. e5 c5 4. c3 Nc6 5. Nf3 Qb6 6. a3 cxd4 7. cxd4 Nge7 8. b4 Nf5 9. Bb2 Be7 10. Bd3 Bd7 11. Bxf5 exf5 12. Nc3 Be6 13. O-O g5 14. Na4 Qc7 15. Rc1 a6 16. Nc5 g4 17. Nd2 Qb6 18. f4 h5 19. Qa4 O-O-O 20. Nxa6 Qxa6 21. Qxa6 bxa6 22. Rxc6+ Kb7 23. Rfc1 Rc8 24. Rxc8 Rxc8 25. Rxc8 Bxc8 26. Nb3 Kb6 27. Kf2 Kb5 28. Ke3 Bd8 29. Kd3 Bh4 30. g3 Bd8 31. Bc3 Ka4 32. Na5 1-0

[Event "4NCL Online Division 3"]
[Site "online"]
[Date "2021.11.02"]
[EventDate "2021.11.02"]
[Round "6.61"]
[White "Jenkins, John"]
[WhiteElo "2089"]
[WhiteTeam "Stroud Oldies"]
[Black "Murphy, Conor E"]
[BlackTitle "FM"]
[BlackElo "2406"]
[BlackTeam "Charlton Cobras A"]
[Result "0-1"]
[PlyCount "92"]

1. d4 d5 2. c4 c6 3. Nf3 Nf6 4. Nc3 e6 5. Bg5 h6 6. Bh4 dxc4 7. a4 Bb4 8. Bxf6 Qxf6 9. e4 b5 10. Be2 Bb7 11. O-O a6 12. e5 Qd8 13. Ne4 Nd7 14. b3 cxb3 15. Qxb3 Be7 16. Rfd1 Nb6 17. Nc5 Bc8 18. Qc2 O-O 19. Qe4 Qd5 20. Qc2 Qd8 21. Qe4 Bd7 22. Bd3 g6 23. h4 Be8 24. h5 Bxc5 25. dxc5 Nd5 26. Qg4 Kg7 27. Nd4 Qg5 28. Qxg5 hxg5 29. hxg6 Nc3 30. Rdc1 Nxa4 31. gxf7 Bxf7 32. Nxc6 Rac8 33. Be4 Bg6 34. Bxg6 Rxc6 35. Be4 Rxc5 36. Bb7 Nc3 37. Rc2 Rb8 38. Bf3 Rb6 39. Rd2 Rxe5 40. Rd7+ Kg6 41. Ra7 b4 42. R7xa6 Rxa6 43. Rxa6 b3 44. Rb6 Rb5 45. Rxe6+ Kf7 46. Re1 b2 0-1

[Event "4NCL Online Division 3"]
[Site "online"]
[Date "2021.11.02"]
[EventDate "2021.11.02"]
[Round "6.62"]
[White "Clark, Gary M"]
[WhiteTitle "FM"]
[WhiteElo "2258"]
[WhiteTeam "Charlton Cobras A"]
[Black "Brown, Graham K"]
[BlackElo "1718"]
[BlackTeam "Stroud Oldies"]
[Result "1-0"]
[PlyCount "31"]

1. d4 e5 2. dxe5 Nc6 3. Nf3 Qe7 4. Bg5 Qb4+ 5. Nc3 Be7 6. Bd2 Bd8 7. e4 Qf8 8. Bc4 Na5 9. Bd3 c5 10. Nb5 Nc6 11. Nd6+ Ke7 12. O-O Nd4 13. Nxd4 cxd4 14. Bc4 Nh6 15. Bb4 a5 16. Nxc8+ 1-0

[Event "4NCL Online Division 3"]
[Site "online"]
[Date "2021.11.02"]
[EventDate "2021.11.02"]
[Round "6.63"]
[White "Walker, Adrian"]
[WhiteElo "1688"]
[WhiteTeam "Stroud Oldies"]
[Black "Stebbings, Anthony J"]
[BlackTitle "FM"]
[BlackElo "2248"]
[BlackTeam "Charlton Cobras A"]
[Result "0-1"]
[PlyCount "64"]

1. e4 c5 2. c3 Nf6 3. e5 Nd5 4. d4 cxd4 5. Nf3 d6 6. exd6 e6 7. Nxd4 Bxd6 8. g3 O-O 9. Bg2 a6 10. O-O Qc7 11. Qe2 Bd7 12. Nd2 Nc6 13. Ne4 Nxd4 14. cxd4 Bb5 15. Qh5 Bxf1 16. Bxf1 Be7 17. Bd3 f5 18. Ng5 Bxg5 19. Bxg5 Qb6 20. Rd1 Qxb2 21. g4 Nf6 22. Bxf6 Rxf6 23. gxf5 exf5 24. Bc4+ Kh8 25. Qf3 Rd8 26. d5 b5 27. Bb3 Qe5 28. Rc1 h6 29. Qd3 Qe4 30. Qg3 f4 31. Qh4 Rg6+ 32. Kf1 Qd3+ 0-1

[Event "4NCL Online Division 3"]
[Site "online"]
[Date "2021.11.02"]
[EventDate "2021.11.02"]
[Round "6.64"]
[White "Domi, Andel"]
[WhiteElo "1940"]
[WhiteTeam "Charlton Cobras A"]
[Black "Reekie-Black, Matthew"]
[BlackElo "1601"]
[BlackTeam "Stroud Oldies"]
[Result "0-1"]
[PlyCount "114"]

1. e4 c6 2. d4 d5 3. exd5 cxd5 4. h3 e6 5. Nc3 Nc6 6. Nf3 a6 7. Bd3 Nf6 8. Bf4 Bd6 9. Qd2 O-O 10. O-O Ne7 11. Ne5 Nd7 12. Rae1 Nxe5 13. dxe5 Bb4 14. a3 Ba5 15. b4 Bb6 16. Bg5 Qc7 17. Nd1 Ng6 18. Qe2 Bd4 19. Bxg6 hxg6 20. Kh1 f6 21. exf6 gxf6 22. Bh6 Re8 23. Qd3 Qh7 24. Qxd4 Qxh6 25. Qxf6 Qg7 26. Qe5 b6 27. Qd6 b5 28. Ne3 Ra7 29. Ng4 Rd7 30. Qe5 Qxe5 31. Rxe5 Kg7 32. Rfe1 Rc7 33. R1e2 Rc3 34. R5e3 Rxe3 35. Rxe3 d4 36. Re5 Rf8 37. Rc5 Bb7 38. f3 Rc8 39. Rxc8 Bxc8 40. Kh2 g5 41. Kg3 Kg6 42. Ne5+ Kf6 43. Nc6 e5 44. h4 gxh4+ 45. Kxh4 Bb7 46. Na5 Bd5 47. Kh5 e4 48. fxe4 Bxe4 49. Nb3 Ke5 50. g4 Bxc2 51. Nd2 Kf4 52. g5 Ke3 53. Nf1+ Kf2 54. Nh2 d3 55. g6 d2 56. Ng4+ Ke2 57. g7 Bb3 0-1

[Event "4NCL Online Division 3"]
[Site "online"]
[Date "2021.11.02"]
[EventDate "2021.11.02"]
[Round "6.71"]
[White "Granat, Russell G"]
[WhiteElo "2270"]
[WhiteTeam "Farnham A"]
[Black "Harris, Michael T"]
[BlackElo "2057"]
[BlackTeam "Bristol Cabot Blackbeards"]
[Result "1-0"]
[PlyCount "67"]

1. e4 e5 2. Nf3 f5 3. d4 fxe4 4. Nxe5 Nf6 5. Bg5 Be7 6. Be2 d6 7. Nc4 Nc6 8. d5 Nxd5 9. Qxd5 Bxg5 10. Qxe4+ Qe7 11. Qxe7+ Bxe7 12. c3 O-O 13. O-O Bd7 14. Nbd2 Rae8 15. Rae1 Nd8 16. Bf3 Bc6 17. Re2 Bf6 18. Rfe1 Rxe2 19. Rxe2 b5 20. Ne3 b4 21. cxb4 Bxb2 22. Ne4 Be5 23. Rc2 d5 24. Nc5 d4 25. Bxc6 Nxc6 26. Nd5 Bd6 27. Nd3 Ne5 28. Nxe5 Bxe5 29. Ne7+ Kf7 30. Nc6 Kf6 31. g3 g5 32. Kf1 Rf7 33. Ke2 Kf5 34. Rc5 1-0

[Event "4NCL Online Division 3"]
[Site "online"]
[Date "2021.11.02"]
[EventDate "2021.11.02"]
[Round "6.72"]
[White "Rossiter, Alex"]
[WhiteElo "1968"]
[WhiteTeam "Bristol Cabot Blackbeards"]
[Black "Frostick, Clive A"]
[BlackElo "2173"]
[BlackTeam "Farnham A"]
[Result "1/2-1/2"]
[PlyCount "47"]

1. e4 c5 2. d4 cxd4 3. c3 Nf6 4. e5 Nd5 5. Nf3 Nc6 6. Bc4 Nb6 7. Bb3 d5 8. exd6 Qxd6 9. O-O Be6 10. Na3 Bxb3 11. Qxb3 e6 12. Nb5 Qd7 13. Nbxd4 Nxd4 14. Nxd4 Be7 15. Rd1 O-O 16. Nf5 Qc7 17. Nxe7+ Qxe7 18. Be3 Nd5 19. Bd4 Rfd8 20. c4 Nb4 21. a3 Nc6 22. Bc3 Rxd1+ 23. Rxd1 Rd8 24. Rxd8+ 1/2-1/2

[Event "4NCL Online Division 3"]
[Site "online"]
[Date "2021.11.02"]
[EventDate "2021.11.02"]
[Round "6.73"]
[White "Richardson, Kevin D"]
[WhiteElo "2108"]
[WhiteTeam "Farnham A"]
[Black "Marston, Alastair"]
[BlackElo "1713"]
[BlackTeam "Bristol Cabot Blackbeards"]
[Result "0-1"]
[PlyCount "96"]

1. e4 c5 2. Nf3 e6 3. d4 cxd4 4. Nxd4 Bc5 5. Nb3 Bb6 6. Bd3 Ne7 7. Nc3 O-O 8. O-O f5 9. Qe2 Nbc6 10. e5 Ng6 11. Nb5 Ngxe5 12. c4 a6 13. Nd6 Qe7 14. c5 Bc7 15. Rd1 Nxd3 16. Qxd3 Bxd6 17. cxd6 Qf6 18. Nc5 b6 19. Na4 b5 20. Nc5 b4 21. Rb1 a5 22. b3 f4 23. Bb2 Qf5 24. Qc4 f3 25. g3 Ba6 26. Nxa6 Qh3 27. Qf1 Qxf1+ 28. Kxf1 Rxa6 29. Rd3 a4 30. Ke1 axb3 31. axb3 Ra5 32. Kd2 Rff5 33. Rd1 g5 34. h3 Kf7 35. g4 Rfd5 36. Ke3 Rxd3+ 37. Rxd3 Ra2 38. Rd2 Na5 39. Bc1 Ra1 40. Rc2 Nxb3 41. Rc7 Rxc1 42. Rxd7+ Ke8 43. Rxh7 Rc3+ 44. Ke4 Nc5+ 45. Ke5 b3 46. d7+ Nxd7+ 47. Kxe6 Rc6+ 48. Kd5 Nf6+ 0-1

[Event "4NCL Online Division 3"]
[Site "online"]
[Date "2021.11.02"]
[EventDate "2021.11.02"]
[Round "6.74"]
[White "Saha, Soumil"]
[WhiteElo "1193"]
[WhiteTeam "Bristol Cabot Blackbeards"]
[Black "Warren, Alex M"]
[BlackElo "1999"]
[BlackTeam "Farnham A"]
[Result "0-1"]
[PlyCount "74"]

1. d4 Nf6 2. Nf3 g6 3. c4 Bg7 4. g3 O-O 5. Bg2 d6 6. O-O Nc6 7. Nbd2 e5 8. d5 Ne7 9. e4 Nd7 10. b3 f5 11. Bb2 a5 12. Re1 Nc5 13. Qc2 fxe4 14. Nxe4 Bf5 15. Nfd2 c6 16. dxc6 bxc6 17. Qc3 Nxe4 18. Nxe4 Bxe4 19. Bxe4 Qb6 20. Qe3 Qc7 21. c5 d5 22. Bg2 Nf5 23. Qe2 e4 24. Bxg7 Qxg7 25. f3 Nd4 26. Qf2 Nxf3+ 27. Bxf3 Rxf3 28. Qd2 Rd3 29. Qf4 Rf8 30. Qd6 Qf6 31. Rf1 Rf3 32. Rxf3 Qxa1+ 33. Kg2 exf3+ 34. Kh3 Qf6 35. Qc7 h5 36. Qxa5 Qf5+ 37. Kh4 Qg4# 0-1

[Event "4NCL Online Division 3"]
[Site "online"]
[Date "2021.11.02"]
[EventDate "2021.11.02"]
[Round "6.81"]
[White "Russell, Chris"]
[WhiteElo "1720"]
[WhiteTeam "Watford 2"]
[Black "Duckers, Harvey L"]
[BlackElo "2051"]
[BlackTeam "Crowthorne 1"]
[Result "0-1"]
[PlyCount "58"]

1. d4 Nf6 2. c4 c5 3. e3 g6 4. Nf3 Bg7 5. Nc3 O-O 6. Be2 cxd4 7. Nxd4 Nc6 8. Nxc6 bxc6 9. O-O d6 10. Rb1 a5 11. e4 Rb8 12. Be3 Be6 13. Qd2 Nd7 14. Bh6 Nc5 15. Bxg7 Kxg7 16. b3 f6 17. Rbd1 Qb6 18. Kh1 Qb4 19. Nb1 a4 20. Qxb4 Rxb4 21. Nd2 axb3 22. axb3 Rfb8 23. f4 Nxb3 24. f5 Nxd2 25. Rxd2 Bxc4 26. Bxc4 Rxc4 27. fxg6 hxg6 28. Re1 Rxe4 29. Ra1 Reb4 0-1

[Event "4NCL Online Division 3"]
[Site "online"]
[Date "2021.11.02"]
[EventDate "2021.11.02"]
[Round "6.82"]
[White "Johnson, Derek R"]
[WhiteElo "2017"]
[WhiteTeam "Crowthorne 1"]
[Black "Littlefair, Paul"]
[BlackElo "1663"]
[BlackTeam "Watford 2"]
[Result "1-0"]
[PlyCount "49"]

1. e4 e5 2. Nf3 Nc6 3. d4 exd4 4. Nxd4 Nf6 5. Nxc6 bxc6 6. e5 Qe7 7. Qe2 Nd5 8. c4 Nb6 9. Nc3 Qe6 10. Qe4 Ba6 11. b3 Bb7 12. Bb2 d5 13. exd6 cxd6 14. O-O-O Rd8 15. Bd3 d5 16. cxd5 cxd5 17. Bb5+ Nd7 18. Qa4 Qh6+ 19. Kb1 a6 20. Nxd5 Bxd5 21. Bxd7+ Rxd7 22. Rxd5 Bd6 23. Rhd1 Kd8 24. Qxa6 Re8 25. Rxd6 1-0

[Event "4NCL Online Division 3"]
[Site "online"]
[Date "2021.11.02"]
[EventDate "2021.11.02"]
[Round "6.83"]
[White "Vig, Sanjay"]
[WhiteElo "1642"]
[WhiteTeam "Watford 2"]
[Black "Green, George D A"]
[BlackElo "1889"]
[BlackTeam "Crowthorne 1"]
[Result "0-1"]
[PlyCount "52"]

1. e4 c5 2. Nc3 Nc6 3. Bc4 Nf6 4. f4 d6 5. Nf3 e6 6. d3 Be7 7. O-O O-O 8. Qe1 a6 9. a4 Qc7 10. Ng5 Bd7 11. f5 exf5 12. Qh4 h6 13. Nxf7 Rxf7 14. Bxh6 Ne5 15. Bxg7 Kxg7 16. Qg5+ Kf8 17. Qh6+ Rg7 18. Qh8+ Ng8 19. exf5 Bf6 20. Bxg8 Rxg2+ 21. Kxg2 Bxh8 22. Bd5 Bc6 23. f6 Qh7 24. Rf4 Ng6 25. Rg4 Qh5 26. h3 Bxd5+ 0-1

[Event "4NCL Online Division 3"]
[Site "online"]
[Date "2021.11.02"]
[EventDate "2021.11.02"]
[Round "6.84"]
[White "Love, James"]
[WhiteElo "1597"]
[WhiteTeam "Crowthorne 1"]
[Black "Hylands, Keith"]
[BlackElo "1418"]
[BlackTeam "Watford 2"]
[Result "0-1"]
[PlyCount "132"]

1. e4 c6 2. c4 e5 3. Nf3 d6 4. Nc3 Nf6 5. d3 Bg4 6. Be2 Be7 7. O-O O-O 8. Be3 Nbd7 9. h3 Bxf3 10. Bxf3 Ne8 11. Qd2 Ndf6 12. Rfe1 Nc7 13. Rad1 Ne6 14. d4 Nc7 15. dxe5 dxe5 16. Qxd8 Rfxd8 17. Rxd8+ Rxd8 18. Bxa7 Bb4 19. Bb6 Rd7 20. Bxc7 Rxc7 21. Rd1 Rd7 22. Rxd7 Nxd7 23. Kf1 Nb6 24. Be2 Bxc3 25. bxc3 Na4 26. Bg4 Nxc3 27. Bc8 Nxa2 28. Bxb7 c5 29. Ke2 Nb4 30. Bd5 Kf8 31. h4 f6 32. g4 h6 33. h5 Ke7 34. f3 Nc2 35. Bc6 Nd4+ 36. Kd3 Nxc6 37. Ke3 Nd4 38. f4 Kd6 39. fxe5+ Kxe5 40. Kd3 Kf4 41. Kc3 Kxe4 42. Kb2 Kf4 43. Ka3 Kxg4 44. Ka4 Kxh5 45. Ka5 f5 46. Kb6 Ne6 47. Kc6 Kg6 48. Kd6 Kf6 49. Kd5 h5 50. Kd6 h4 51. Kd7 h3 52. Ke8 h2 53. Kd7 h1=Q 54. Kd6 Qh8 55. Kc6 f4 56. Kb5 f3 57. Ka4 f2 58. Kb5 Qb8+ 59. Kc6 Qc8+ 60. Kd5 Qd7+ 61. Ke4 Qd4+ 62. Kf3 f1=R+ 63. Kg3 Qf4+ 64. Kg2 Qf2+ 65. Kh3 Qf3+ 66. Kh4 Rh1# 0-1

[Event "4NCL Online Division 3"]
[Site "online"]
[Date "2021.11.02"]
[EventDate "2021.11.02"]
[Round "6.91"]
[White "Vaidya, Raghav"]
[WhiteElo "1830"]
[WhiteTeam "Barnet Knights B"]
[Black "Kynoch, Richard"]
[BlackElo "1862"]
[BlackTeam "Dundee City B"]
[Result "1-0"]
[PlyCount "61"]

1. c4 e5 2. Nc3 d6 3. g3 f5 4. Bg2 Nf6 5. d3 Be7 6. Nf3 O-O 7. O-O Kh8 8. b4 c6 9. a4 Na6 10. b5 Nc5 11. bxc6 bxc6 12. d4 Nce4 13. Nxe4 fxe4 14. Ng5 d5 15. dxe5 Ng4 16. Nh3 Nxe5 17. cxd5 cxd5 18. Nf4 Bf6 19. Rb1 Bg4 20. h3 Bf5 21. g4 Bd7 22. Nxd5 Bh4 23. Ba3 Rf7 24. Bxe4 Bxg4 25. hxg4 Nxg4 26. f3 Ne5 27. f4 Qd7 28. fxe5 Qg4+ 29. Bg2 Rd7 30. e4 Bg5 31. Qxg4 1-0

[Event "4NCL Online Division 3"]
[Site "online"]
[Date "2021.11.02"]
[EventDate "2021.11.02"]
[Round "6.92"]
[White "Prieto Alvarez, Miguel Angel"]
[WhiteElo "1800"]
[WhiteTeam "Dundee City B"]
[Black "Eedle, Eric F"]
[BlackElo "1864"]
[BlackTeam "Barnet Knights B"]
[Result "1-0"]
[PlyCount "71"]

1. e4 c5 2. Nf3 Nc6 3. Nc3 e5 4. Bc4 Be7 5. d3 Nf6 6. O-O O-O 7. Be3 d6 8. Nd5 Bg4 9. h3 Bh5 10. c3 Rb8 11. g4 Bg6 12. Nxe7+ Nxe7 13. a4 a6 14. b4 b5 15. Ba2 Qc7 16. axb5 axb5 17. bxc5 dxc5 18. Bb3 c4 19. Ra7 Rb7 20. Rxb7 Qxb7 21. dxc4 bxc4 22. Bxc4 Qxe4 23. Nd2 Qc6 24. Qf3 e4 25. Qg3 Nfd5 26. Bd4 Kh8 27. Rb1 e3 28. Rb8 exf2+ 29. Kxf2 Rxb8 30. Qxb8+ Ng8 31. Qe5 Ndf6 32. Kg1 Qc8 33. Bd5 Ne8 34. c4 Nh6 35. Qf4 Nc7 36. Qxh6 1-0

[Event "4NCL Online Division 3"]
[Site "online"]
[Date "2021.11.02"]
[EventDate "2021.11.02"]
[Round "6.93"]
[White "Vyas, Alisha"]
[WhiteElo "1725"]
[WhiteTeam "Barnet Knights B"]
[Black "Dawson, Alastair"]
[BlackElo "1833"]
[BlackTeam "Dundee City B"]
[Result "0-1"]
[PlyCount "126"]

1. e4 c6 2. Nf3 d5 3. Nc3 Bg4 4. h3 Bxf3 5. Qxf3 Nf6 6. exd5 cxd5 7. Bb5+ Nc6 8. d3 e6 9. Bg5 Be7 10. O-O O-O 11. Ne2 Ne8 12. Be3 Nd6 13. Ba4 b5 14. Bb3 a5 15. c3 b4 16. Bd2 bxc3 17. bxc3 Ne5 18. Qg3 Bf6 19. Bf4 Nf5 20. Qh2 Nxd3 21. Bc7 Qd7 22. Bc2 Rfc8 23. Bxd3 Rxc7 24. Bxf5 exf5 25. Qg3 Rac8 26. Rfc1 Rc4 27. Qf3 Qe7 28. Qxd5 Qc5 29. Qxc5 R4xc5 30. Rab1 g6 31. Rb3 Rc4 32. Kf1 g5 33. Rb5 R8c5 34. Rxc5 Rxc5 35. c4 g4 36. Nf4 Bg5 37. Ne6 fxe6 38. Rc2 gxh3 39. gxh3 Kf7 40. Ke2 e5 41. Kf3 Kf6 42. Kg3 h5 43. Kf3 e4+ 44. Ke2 Ke5 45. f3 exf3+ 46. Kxf3 Kd4 47. Rg2 Be3 48. Rg7 f4 49. Rb7 Kxc4 50. a4 Kc3 51. Rb1 Rc4 52. Rb5 Rxa4 53. Rxh5 Rb4 54. Rxa5 Rb2 55. Rh5 Rf2+ 56. Ke4 Kd2 57. Rd5+ Ke2 58. Ra5 Bd2 59. Ra3 Rg2 60. Ra6 f3 61. h4 f2 62. Rf6 f1=Q 63. Rxf1 Kxf1 0-1

[Event "4NCL Online Division 3"]
[Site "online"]
[Date "2021.11.02"]
[EventDate "2021.11.02"]
[Round "6.94"]
[White "Babin, Andre"]
[WhiteElo "1863"]
[WhiteTeam "Dundee City B"]
[Black "Grose, Kameron"]
[BlackElo "1595"]
[BlackTeam "Barnet Knights B"]
[Result "1-0"]
[PlyCount "97"]

1. c4 e5 2. Nc3 Nc6 3. g3 Nf6 4. Bg2 Bc5 5. e3 d6 6. Nge2 Bd7 7. d4 Bb6 8. b3 O-O 9. O-O Re8 10. Bb2 Bg4 11. d5 Ne7 12. Na4 Qd7 13. Nxb6 axb6 14. Re1 b5 15. Qd3 Ra5 16. cxb5 Qxb5 17. Qxb5 Rxb5 18. e4 Rc5 19. Nc3 c6 20. f3 Bd7 21. dxc6 Bxc6 22. Bf1 Ra5 23. Rad1 d5 24. b4 Ra7 25. b5 d4 26. bxc6 dxc3 27. Bxc3 Nxc6 28. Bc4 Ra3 29. Bb3 Raa8 30. Rd3 Rad8 31. Red1 Rxd3 32. Rxd3 Rd8 33. Rxd8+ Nxd8 34. Bxe5 Nd7 35. Bd6 g6 36. Kf2 Kg7 37. Ke3 Nc6 38. f4 h5 39. Bd5 Na5 40. Bc7 b6 41. Kd4 Kf6 42. Bd8+ Kg7 43. Kc3 Nc5 44. Bxb6 Na4+ 45. Kb4 Nxb6 46. Kxa5 Nxd5 47. exd5 Kf6 48. Kb6 Ke7 49. Kc7 1-0

[Event "4NCL Online Division 3"]
[Site "online"]
[Date "2021.11.02"]
[EventDate "2021.11.02"]
[Round "6.101"]
[White "Clark, Richard"]
[WhiteElo "1871"]
[WhiteTeam "Camborne Trevithick"]
[Black "Sivanandan, Bodhana"]
[BlackElo "1588"]
[BlackTeam "Harrow 3"]
[Result "0-1"]
[PlyCount "110"]

1. b4 e5 2. Bb2 Bxb4 3. Bxe5 Nf6 4. Nf3 O-O 5. e3 Nc6 6. Bb2 d5 7. Bd3 Bg4 8. h3 Bh5 9. a3 Ba5 10. Nc3 a6 11. Ne2 Re8 12. Ng3 Bg6 13. Bxg6 fxg6 14. Nd4 Nxd4 15. Bxd4 b6 16. h4 c5 17. Bb2 d4 18. O-O dxe3 19. dxe3 Qxd1 20. Rfxd1 Rad8 21. Kf1 Nd5 22. h5 gxh5 23. Nxh5 Bc3 24. Bxc3 Nxc3 25. Rxd8 Rxd8 26. Ke1 Rd6 27. Ng3 g6 28. e4 b5 29. f3 Kg7 30. Ne2 Nxe2 31. Kxe2 a5 32. a4 b4 33. e5 Rd5 34. f4 g5 35. g3 h5 36. Rg1 Kg6 37. Ke3 c4 38. Ke4 Rd2 39. f5+ Kf7 40. Rc1 c3 41. Kf3 Rd4 42. Rh1 h4 43. e6+ Kf6 44. Re1 Rd8 45. g4 Rh8 46. Rd1 h3 47. Rh1 h2 48. Kg2 Ke7 49. Rd1 h1=Q+ 50. Rxh1 Rxh1 51. Kxh1 b3 52. cxb3 c2 53. b4 c1=Q+ 54. Kg2 axb4 55. a5 Qa3 0-1

[Event "4NCL Online Division 3"]
[Site "online"]
[Date "2021.11.02"]
[EventDate "2021.11.02"]
[Round "6.102"]
[White "Nettleton, Robin"]
[WhiteElo "1394"]
[WhiteTeam "Harrow 3"]
[Black "George, Ian M"]
[BlackElo "1844"]
[BlackTeam "Camborne Trevithick"]
[Result "0-1"]
[PlyCount "88"]

1. b3 e5 2. Bb2 Nc6 3. g3 d5 4. Bg2 f6 5. e3 Be6 6. Nf3 Bd6 7. O-O Nge7 8. Nc3 e4 9. Ne1 O-O 10. d3 f5 11. f4 a6 12. Ne2 b5 13. Nd4 Nxd4 14. Bxd4 c5 15. Bb2 Qb6 16. Rb1 Rfd8 17. d4 Rac8 18. a4 bxa4 19. bxa4 Qc6 20. c3 c4 21. Qc1 Qxa4 22. Ra1 Qc6 23. Ba3 Ra8 24. Nc2 a5 25. Bxd6 Qxd6 26. Qd2 Rdb8 27. Rfb1 Rxb1+ 28. Rxb1 Rb8 29. Qd1 Bd7 30. Rxb8+ Qxb8 31. Qa1 Kf7 32. Ne1 a4 33. Nc2 Qb3 34. Nb4 a3 35. Bf1 Qb2 36. Qa2 Qxa2 37. Nxa2 Ba4 38. Nb4 Bb3 39. Kg2 a2 40. Nxa2 Bxa2 41. Kh3 Bb1 42. Bg2 Nc6 43. g4 g6 44. g5 Na7 0-1

[Event "4NCL Online Division 3"]
[Site "online"]
[Date "2021.11.02"]
[EventDate "2021.11.02"]
[Round "6.103"]
[White "Williams, Philip J"]
[WhiteElo "1834"]
[WhiteTeam "Camborne Trevithick"]
[Black "Dilukshan, Manoharan"]
[BlackElo "1392"]
[BlackTeam "Harrow 3"]
[Result "1-0"]
[PlyCount "105"]

1. c4 e5 2. Nc3 Nf6 3. Nf3 Bb4 4. Nxe5 O-O 5. e3 Bxc3 6. bxc3 Re8 7. Nf3 d6 8. Be2 Bf5 9. d3 Nc6 10. O-O Ne7 11. e4 Bg4 12. Nd4 Bxe2 13. Nxe2 Ng6 14. Ng3 a6 15. a4 Qd7 16. Bg5 Ng4 17. h3 Nh6 18. Bxh6 gxh6 19. Nf5 Re6 20. Nxh6+ Kg7 21. Nf5+ Kg8 22. f4 Ne7 23. Nxe7+ Qxe7 24. f5 Rh6 25. Rf4 Kh8 26. Rg4 Qf6 27. Qd2 Rg8 28. Rxg8+ Kxg8 29. Rf1 Qg7 30. Kh2 f6 31. Rf4 Rh5 32. Rg4 Rg5 33. Rxg5 Qxg5 34. Qxg5+ fxg5 35. Kg3 a5 36. Kf3 Kf7 37. Ke3 Kf6 38. d4 b6 39. Kd3 c5 40. Ke3 h6 41. g3 h5 42. Kf3 Kf7 43. h4 g4+ 44. Kf4 Kf6 45. e5+ dxe5+ 46. dxe5+ Kf7 47. Kg5 Ke7 48. Kxh5 Kf7 49. Kxg4 Kg7 50. Kg5 Kf7 51. h5 Kg7 52. h6+ Kf7 53. e6+ 1-0

[Event "4NCL Online Division 3"]
[Site "online"]
[Date "2021.11.02"]
[EventDate "2021.11.02"]
[Round "6.104"]
[White "Walker, David J R"]
[WhiteElo "1282"]
[WhiteTeam "Harrow 3"]
[Black "Healey, Grant"]
[BlackElo "1778"]
[BlackTeam "Camborne Trevithick"]
[Result "0-1"]
[PlyCount "64"]

1. d4 d6 2. c4 g6 3. Nc3 Bg7 4. Nf3 Nd7 5. e4 e5 6. Be2 f6 7. O-O Ne7 8. Be3 O-O 9. Qd2 g5 10. Nd5 Nxd5 11. cxd5 h6 12. Rac1 Nb6 13. b3 Bg4 14. Ne1 Bd7 15. Bh5 f5 16. Qd3 f4 17. Bd2 g4 18. Qe2 Qg5 19. Rxc7 Qxh5 20. Rxb7 f3 21. Qe3 Bb5 22. Nd3 exd4 23. Nf4 dxe3 24. Nxh5 Bxf1 25. Rxg7+ Kh8 26. Bc3 Rac8 27. Rxa7+ Rxc3 28. Ng3 Bxg2 29. fxe3 Rc1+ 30. Kf2 Rc2+ 31. Kg1 f2+ 32. Kxg2 f1=Q# 0-1

[Event "4NCL Online Division 3"]
[Site "online"]
[Date "2021.11.02"]
[EventDate "2021.11.02"]
[Round "6.111"]
[White "Nunn, John D M"]
[WhiteTitle "GM"]
[WhiteElo "2573"]
[WhiteTeam "Bude Surfers A"]
[Black "McLean, Ian"]
[BlackElo "1992"]
[BlackTeam "Spirit of Atticus B"]
[Result "1-0"]
[PlyCount "79"]

1. e4 e6 2. d4 d5 3. Nc3 Bb4 4. e5 Ne7 5. a3 Bxc3+ 6. bxc3 c5 7. a4 Qa5 8. Bd2 Nbc6 9. Nf3 Bd7 10. Bb5 c4 11. O-O h6 12. Re1 O-O-O 13. Bc1 g5 14. h3 Rdg8 15. Ba3 g4 16. hxg4 Rxg4 17. Nh2 Rg6 18. Bxe7 Nxe7 19. Bxd7+ Kxd7 20. Ng4 Ng8 21. Qf3 Rh7 22. Reb1 b6 23. Rb5 Qa6 24. Nf6+ Nxf6 25. exf6 Kc6 26. Rb4 Rh8 27. Re1 Kd7 28. Re5 Rhg8 29. g3 Rg5 30. Rxg5 Rxg5 31. Qf4 Qb7 32. a5 Qc7 33. Qe3 bxa5 34. Rb5 a4 35. Rc5 Qb8 36. Kg2 Qb6 37. Qc1 Rg6 38. Qa3 Rxf6 39. Qxa4+ Ke7 40. Qa3 1-0

[Event "4NCL Online Division 3"]
[Site "online"]
[Date "2021.11.02"]
[EventDate "2021.11.02"]
[Round "6.112"]
[White "Ellames, Roy"]
[WhiteElo "2027"]
[WhiteTeam "Spirit of Atticus B"]
[Black "Fink-Nunn, Petra"]
[BlackTitle "WFM"]
[BlackElo "2064"]
[BlackTeam "Bude Surfers A"]
[Result "1/2-1/2"]
[PlyCount "73"]

1. e4 e5 2. Nf3 Nc6 3. Bb5 f5 4. d3 fxe4 5. dxe4 Nf6 6. O-O Bc5 7. Bxc6 bxc6 8. Nxe5 O-O 9. Nc3 d6 10. Na4 Qe8 11. Nd3 Bg4 12. Qe1 Bd4 13. c3 Bb6 14. h3 Bh5 15. e5 dxe5 16. Nxe5 Nd7 17. Nxb6 cxb6 18. Nxd7 Qxd7 19. Qe5 Rf5 20. Qd4 Rd5 21. Qh4 Be2 22. Re1 Rd1 23. Be3 Rxa1 24. Rxa1 Re8 25. Qd4 Qxd4 26. Bxd4 c5 27. Be3 Rd8 28. Re1 Rd1 29. Rxd1 Bxd1 30. Kf1 Kf7 31. Ke1 Bc2 32. b4 cxb4 33. cxb4 Ke6 34. Kd2 Be4 35. g3 Kd5 36. Kc3 Bf5 37. h4 1/2-1/2

[Event "4NCL Online Division 3"]
[Site "online"]
[Date "2021.11.02"]
[EventDate "2021.11.02"]
[Round "6.113"]
[White "Lingard, Geoffrey W"]
[WhiteElo "1743"]
[WhiteTeam "Bude Surfers A"]
[Black "Lee, James"]
[BlackElo "1863"]
[BlackTeam "Spirit of Atticus B"]
[Result "1/2-1/2"]
[PlyCount "92"]

1. e4 c5 2. Nc3 e6 3. Bc4 Nc6 4. d3 d6 5. Nge2 Be7 6. Be3 Nf6 7. Bg5 O-O 8. f4 h6 9. Bh4 a6 10. a3 b5 11. Bb3 Bb7 12. O-O Rc8 13. f5 exf5 14. exf5 Ne5 15. h3 c4 16. dxc4 bxc4 17. Ba2 Qb6+ 18. Bf2 Qc6 19. Nf4 g5 20. fxg6 Nxg6 21. Nce2 Qe4 22. Qd4 Nd7 23. Be3 Bg5 24. Qxe4 Bxe4 25. Nd4 Nde5 26. g3 Nc6 27. Nxc6 Rxc6 28. h4 Bxf4 29. Bxf4 Kh7 30. c3 Rg8 31. Kh2 Bd3 32. Rf2 Rb8 33. Be3 Ne5 34. Kh3 f5 35. Bb1 Kg6 36. Bxd3 Nxd3 37. Rd2 Ne5 38. Rad1 Rd8 39. Bf4 Nd3 40. Be3 Rd7 41. Rf1 d5 42. h5+ Kf6 43. Bd4+ Kg5 44. Be3+ Kf6 45. Bd4+ Kg5 46. Be3+ Kf6 1/2-1/2

[Event "4NCL Online Division 3"]
[Site "online"]
[Date "2021.11.02"]
[EventDate "2021.11.02"]
[Round "6.114"]
[White "Bimpson, Tom"]
[WhiteElo "1959"]
[WhiteTeam "Spirit of Atticus B"]
[Black "Rescorla, Ian R"]
[BlackElo "1645"]
[BlackTeam "Bude Surfers A"]
[Result "1-0"]
[PlyCount "59"]

1. d4 e5 2. dxe5 Nc6 3. Nf3 Qe7 4. e3 Nxe5 5. Be2 Nf6 6. O-O Nxf3+ 7. Bxf3 c6 8. b3 d6 9. Nd2 Be6 10. Ba3 O-O-O 11. Qe2 Qc7 12. Nc4 Be7 13. Bb2 Rhg8 14. a4 g5 15. g3 g4 16. Bg2 h5 17. a5 Nd7 18. Ba3 Ne5 19. a6 b5 20. Nxe5 dxe5 21. Bxe7 Qxe7 22. Bxc6 Kc7 23. Qxb5 Rb8 24. Bb7 Bd7 25. Qc4+ Kb6 26. Rfd1 Bb5 27. Qc3 Rxb7 28. Qa5+ Kc6 29. axb7 Qxb7 30. c4 1-0